American Girl Dolls: Historical Dolls in Chronological Order - Statistics

General Stats
  • This quiz has been taken 45 times
    42 since last reset
  • The average score is 12 of 18
Answer Stats
Year Doll % Correct
1764 Kaya
96%
1774 Felicity
92%
1944 Molly
80%
1934 Kit
76%
1904 Samantha
76%
1864 Addy
68%
1812 Caroline
68%
1975 Julie
68%
1986 Courtney
64%
1824 Josefina
64%
1854 Kirsten
64%
1954 Maryellen
64%
1941 Nanea
60%
1964 Melody
56%
1999 Nicki and Isabel
56%
1914 Rebecca
52%
1853 Cecile and Marie-Grace
44%
1922 Claudie
32%
No matching quizzes found
Score Distribution
Percent of People with Each Score
Percentile by Number Answered
Your Score History
You have not taken this quiz since the last reset